| 000 | 00498nam a2200145Ia 4500 | ||
|---|---|---|---|
| 008 | 150223s9999 xx 000 0 und d | ||
| 020 | _a9789810698621 | ||
| 050 |
_aBF 121 _b.C568 2006 |
||
| 100 | _aCiccarelli, Saundara K. | ||
| 245 |
_aUnderstanding psychology / _cSaundra K. Ciccarelli. |
||
| 260 |
_aSingapore : _bPrentice Hall, _c2006 |
||
| 300 |
_a597 pages : _bIllustration ; _c25 cm. |
||
| 504 | _aIncludes appendix, Index, glossary. | ||
| 650 |
_aPsychology _xfrom the biological perspective. |
||
| 999 |
_c283254 _d283254 |
||